000
00239nam a22001097a 4500
082
_a
808.3 MAC'N
100
_a
MACLEAN, ALISTAIR
_9
75866
245
_a
NIGHT WITH OUT END
260
_a
LONDON
_b
FONTANA
_c
1971
300
_a
221P
942
_c
BK
999
_c
584500
_d
584500